<?xml version="1.0" encoding="UTF-8"?>
<collection xmlns="http://www.loc.gov/MARC21/slim">
 <record>
  <leader>00415pamaa2200145   4500</leader>
  <controlfield tag="001">0000038057</controlfield>
  <controlfield tag="005">20140922090000.0</controlfield>
  <datafield tag="020" ind1="0" ind2="0">
   <subfield code="a">0824312384 </subfield>
  </datafield>
  <datafield tag="090" ind1="0" ind2="0">
   <subfield code="a">QH426.5 </subfield>
   <subfield code="b">ANN 2004</subfield>
  </datafield>
  <datafield tag="245" ind1="1" ind2="0">
   <subfield code="a">Annual review of Genetics  </subfield>
   <subfield code="c">editor Allan Campbell, Wyatt W. Anderson, Elizabeth W. Jones.</subfield>
  </datafield>
  <datafield tag="260" ind1="0" ind2="0">
   <subfield code="a">Californiak: </subfield>
   <subfield code="b">Annual Reviews, </subfield>
   <subfield code="c">2004.</subfield>
  </datafield>
  <datafield tag="300" ind1=" " ind2=" ">
   <subfield code="a">v, 878p.: </subfield>
   <subfield code="b">ill.; </subfield>
   <subfield code="c">24 cm.</subfield>
  </datafield>
  <datafield tag="501" ind1="0" ind2="0">
   <subfield code="a">DSCAU</subfield>
  </datafield>
  <datafield tag="501" ind1="0" ind2="0">
   <subfield code="a">ADTP</subfield>
  </datafield>
  <datafield tag="650" ind1="0" ind2="0">
   <subfield code="a">Genetics </subfield>
  </datafield>
 </record>
</collection>
